The Rules of work : (Record no. 357017)
[ view plain ]
| 000 -LEADER | |
|---|---|
| fixed length control field | 00493nam a2200193Ia 4500 |
| 008 - FIXED-LENGTH DATA ELEMENTS--GENERAL INFORMATION | |
| fixed length control field | 180523s9999 xx 000 0 und d |
| 020 ## - INTERNATIONAL STANDARD BOOK NUMBER | |
| International Standard Book Number | 978-0-273-66271-6 |
| 050 ## - LIBRARY OF CONGRESS CALL NUMBER | |
| Classification number | MAIN HF 5386 |
| 050 ## - LIBRARY OF CONGRESS CALL NUMBER | |
| Item number | .T46 2003 |
| 100 ## - MAIN ENTRY--PERSONAL NAME | |
| Personal name | Templar, Richard. |
| 245 #4 - TITLE STATEMENT | |
| Title | The Rules of work : |
| 245 #2 - TITLE STATEMENT | |
| Remainder of title | a definitive code for personal success / |
| 245 #0 - TITLE STATEMENT | |
| Statement of responsibility, etc | Richaard Templar. |
| 260 ## - PUBLICATION, DISTRIBUTION, ETC. (IMPRINT) | |
| Place of publication, distribution, etc | London : |
| 260 ## - PUBLICATION, DISTRIBUTION, ETC. (IMPRINT) | |
| Name of publisher, distributor, etc | Pearson Education, |
| 260 ## - PUBLICATION, DISTRIBUTION, ETC. (IMPRINT) | |
| Date of publication, distribution, etc | 2003 |
| 300 ## - PHYSICAL DESCRIPTION | |
| Extent | 219 pages : |
| 300 ## - PHYSICAL DESCRIPTION | |
| Dimensions | 22 cm. |
| Withdrawn status | Lost status | Damaged status | Home library | Current library | Shelving location | Date acquired | Cost, normal purchase price | Total Checkouts | Full call number | Barcode | Date last seen | Price effective from | Koha item type |
|---|---|---|---|---|---|---|---|---|---|---|---|---|---|
| South Mansfield College | South Mansfield College | 01/10/2008 | 539.00 | MAIN HF 5386 .T46 2003 | SMC04110 | 05/23/2018 | 05/23/2018 |